000 01246nam a2200241Ia 4500
003 OSt
005 20241011160508.0
007 ca aa aaaaa
008 201103s9999 xx 000 0 und d
040 _cSSBUL
041 _abur
082 _223
_a၂၉၄.၃၄၃၅၀၉ နေ
_b၉၂၃၃ S-SAT
100 0 _aနေလင်း(အင်းတော်ကြီး)
_917364
245 1 0 _aအင်းတော်ကြီးရွှေမဉ္ဇူစေတီတော်နှင့် ဘုရားသမိုင်းပေါင်းချုပ် /
_cနေလင်း(အင်းတော်ကြီး)။
250 _aဒုတိယအကြိမ်။
260 _aရန်ကုန် ၊
_bဒေါ်တင်ကြည်နှင့်သားများပုံနှိပ်တိုက်၊
_c၁၉၉၆။
300 _a၃၀၈ စာမျက်နှာ ၊
_c၁၉ စင်တီ။
500 _aS-SAT: Dr. Sai Aung Tun
650 _aရွှေမဉ္ဇူစေတီတော်
_vသမိုင်း
_955055
650 _aစေတီပုထိုး
_zအင်းတော်ကြီး
_955056
650 _aဘုရားသမိုင်း
942 _2ddc
_cBK1
999 _c16763
_d16763